000 00806cam a2200229 4500
001 WB3739-13
008 011017n2001 000 0 eng u
035 _a(Sirsi) u115180
245 _aUS slowdown and war hit UK growth
260 _c2001
490 _aProperty Week
_v66(41) 12 October 2001, 10(1)
520 _aThe economic slowdown in the US and the war on terrorism has begun to affect the UK property market with tenant demand and rental growth starting to slow, according to research by surveying firm Catella.
590 _aWB
650 _aECONOMIC DECLINE
650 _aECONOMIC FORECASTS
650 _aUNITED KINGDOM
650 _aTERRORIST ATTACKS
650 _aWAR
650 _aUNITED STATES
690 _aPROPERTY-COMMERCIAL PROPERTY-COMMERCIAL PROPERTY MARKET
942 _n0
999 _c68600
_d68600